000 00336nam a2200133 i 4500
001 bg
100 1 _aPIVOVUROV, L. A.
245 0 _aTechnika bezopasnosti pri cholodnoj obrabotke metallov /
_cL.A. Pivovurov.
260 _aMoskva,
_c1963.
040 _cBPK
041 _apol
942 _cKS
008 s pl f |000 0 pol
999 _c26803
_d26803
856 _uhttp://koha.tu.koszalin.pl/cgi-bin/koha/opac-detail.pl?biblionumber=26803
_yKatalog online BPK